[Event "Zbaszyn-ch"]
[Site "Zbaszyn"]
[Date "2010.02.12"]
[Round "6.3"]
[White "Rusinski, Mateusz"]
[Black "Gozdziewicz, Marek"]
[Result "1-0"]
[WhiteElo "1937"]
[BlackElo "1649"]
[PlyCount "87"]
[EventDate "2010.02.06"]
[EventType "tourn"]
[EventRounds "7"]
[EventCountry "POL"]
[SourceTitle "EXT 2023"]
[Source "ChessBase"]
[SourceDate "2022.10.05"]
[SourceVersion "1"]
[SourceVersionDate "2022.10.05"]
[SourceQuality "1"]

1. d4 d5 2. c4 Nf6 3. Nc3 dxc4 4. e3 Nd5 5. Bxc4 Nxc3 6. bxc3 e6 7. Nf3 c5 8. 0-0 Nc6 9. e4 Be7 10. d5 exd5 11. exd5 Nb8 12. Bb5+ Bd7 13. Bxd7+ Qxd7 14. Ne5 Qd6 15. Nc4 Qa6 16. d6 Bf6 17. Re1+ Kd8 18. Qd5 Rf8 19. Bg5 Nd7 20. Ne5 Nxe5 21. Qxe5 Bxg5 22. Qxg5+ Kd7 23. Qe7+ Kc6 24. Qc7+ Kb5 25. c4+ Ka4 26. d7 Rfd8 27. Rab1 Qc6 28. Rxb7 Qxc7 29. Rxc7 Kb4 30. Re5 Kxc4 31. Rexc5+ Kb4 32. Rc1 a5 33. Rc8 Ka3 34. Rxa8 Rxd7 35. Rxa5+ Kb2 36. Re1 h6 37. h4 g6 38. g4 Rd6 39. Kg2 Kc2 40. Re7 Rf6 41. Rc5+ Kd3 42. Rd7+ Ke4 43. f3+ Kf4 44. Rc4+ 1-0

[Event "Poznan op-B 18th"]
[Site "Poznan"]
[Date "2009.07.25"]
[Round "7"]
[White "Rusinski, Mateusz"]
[Black "Simon, Marek"]
[Result "1-0"]
[WhiteElo "1932"]
[BlackElo "1708"]
[PlyCount "91"]
[EventDate "2009.07.19"]
[EventType "swiss"]
[EventRounds "9"]
[EventCountry "POL"]
[SourceTitle "EXT 2011"]
[Source "ChessBase"]
[SourceDate "2010.11.26"]
[SourceVersion "1"]
[SourceVersionDate "2010.11.26"]
[SourceQuality "1"]

1. d4 d5 2. c4 e6 3. Nc3 Nf6 4. Nf3 Nbd7 5. Bg5 b6 6. cxd5 exd5 7. Nxd5 Bb7 8. Nc3 Be7 9. e3 0-0 10. Be2 h6 11. Bh4 g5 12. Bg3 g4 13. Nh4 Ne4 14. Nf5 Bb4 15. Rc1 Qg5 16. Bxg4 Ndf6 17. Bf4 Qg6 18. Nxh6+ Kh8 19. Bf3 Ba6 20. Be5 Kh7 21. Ng4 Nd5 22. Bxe4 Qxe4 23. Qf3 Qxf3 24. gxf3 f5 25. h3 fxg4 26. hxg4+ Kg6 27. f4 Nxc3 28. bxc3 Bd6 29. f3 Bxe5 30. dxe5 Rh8 31. Kf2 Rad8 32. Kg3 Rxh1 33. Rxh1 Rd3 34. f5+ Kg7 35. Kf4 Rxc3 36. g5 Rd3 37. g6 Bc4 38. Rh7+ Kg8 39. Rxc7 Bxa2 40. f6 Rd8 41. Rxa7 Bb3 42. Kg5 Bc2 43. f4 Be4 44. f5 Rd1 45. f7+ Kf8 46. Rc7 1-0

[Event "Poznan op-B 18th"]
[Site "Poznan"]
[Date "2009.07.20"]
[Round "2"]
[White "Partyka, Pawel"]
[Black "Rusinski, Mateusz"]
[Result "0-1"]
[WhiteElo "1732"]
[BlackElo "1932"]
[PlyCount "112"]
[EventDate "2009.07.19"]
[EventType "swiss"]
[EventRounds "9"]
[EventCountry "POL"]
[SourceTitle "EXT 2011"]
[Source "ChessBase"]
[SourceDate "2010.11.26"]
[SourceVersion "1"]
[SourceVersionDate "2010.11.26"]
[SourceQuality "1"]

1. c4 Nf6 2. Nc3 e6 3. d4 Bb4 4. a3 Bxc3+ 5. bxc3 c5 6. Bg5 Qa5 7. Bd2 Nc6 8. Nf3 Ne4 9. Qc2 f5 10. e3 Qc7 11. Bd3 Nxd2 12. Nxd2 d6 13. 0-0 b6 14. f4 0-0 15. Nf3 Na5 16. e4 Qf7 17. e5 Qc7 18. Rad1 h6 19. Rfe1 Ba6 20. Qa4 Rad8 21. Bf1 Bb7 22. Qc2 Bxf3 23. gxf3 cxd4 24. cxd4 d5 25. Rc1 Rc8 26. c5 bxc5 27. Qxc5 Qxc5 28. dxc5 Rc7 29. Rc3 Rb8 30. Rec1 Rb2 31. a4 Nb3 32. Rd1 Rxc5 33. Rxc5 Nxc5 34. Rc1 Nxa4 35. Rc7 a5 36. Ra7 Rb4 37. Rxa5 Rxf4 38. Ra6 Nc5 39. Rc6 Nd7 40. Rxe6 Kf7 41. Rd6 Nxe5 42. Rxd5 Nxf3+ 43. Kh1 Nxh2 44. Bh3 Ng4 45. Rd7+ Kf6 46. Rd6+ Kg5 47. Kg2 Kh4 48. Rd3 Rf2+ 49. Kg1 Rb2 50. Bf1 f4 51. Rd7 g5 52. Rd3 Ne3 53. Rd6 h5 54. Ba6 Kh3 55. Bd3 Rg2+ 56. Kh1 Ng4 0-1